|
|
|
|
| LEADER |
01110nam a2200337 4500 |
| 001 |
DLU110125640 |
| 005 |
##20110923 |
| 040 |
# |
# |
|a DLU
|b vie
|
| 041 |
# |
# |
|a vie
|
| 044 |
# |
# |
|a vn
|
| 100 |
# |
# |
|a Nguyễn Thị Hải Yến.
|
| 245 |
# |
# |
|a Phân lập gen mã hóa protein vỏ của virus gây bệnh xoăn vàng lá cà chua thu thệp trên cây cà chua dại tại tỉnh Thái Nguyên /
|c Nguyễn Thị Hải Yến, ...[và những người khác]
|
| 653 |
# |
# |
|a Begomovirus
|
| 653 |
# |
# |
|a Cà chua dại
|
| 653 |
# |
# |
|a Gen V1
|
| 653 |
# |
# |
|a Thể phân lập
|
| 653 |
# |
# |
|a Tomato yellow leaf curl virus
|
| 700 |
# |
# |
|a Chu Hoàng Hà.
|
| 700 |
# |
# |
|a Chu Hoàng Mậu.
|
| 700 |
# |
# |
|a Lê Trần Bình.
|
| 700 |
# |
# |
|a Phạm Thị Vân.
|
| 773 |
# |
# |
|t Tạp chí Công nghệ Sinh học
|g Số 4(6), 2008, tr. 467-474
|
| 920 |
# |
# |
|a Phòng Tạp chí -- Trung tâm Thông tin - Thư viện Trường Đại học Đà Lạt
|
| 994 |
# |
# |
|a DLU
|
| 900 |
# |
# |
|a True
|
| 911 |
# |
# |
|a Nguyễn Thị Linh Chi
|
| 925 |
# |
# |
|a G
|
| 926 |
# |
# |
|a A
|
| 927 |
# |
# |
|a BB
|
| 980 |
# |
# |
|a Thư viện Trường Đại học Đà Lạt
|